000
00322nam a2200145Ia 4500
005
20251222153551.0
008
251222s9999||||xx |||||||||||||| ||spa||
020
_a
8420607274
082
_a
940.531.8/V63
100
_a
Vidal, César
245
0
_a
El Holocausto
250
_a
1ra.ed.
264
_b
Alianza
942
_c
LIB
999
_c
30842
_d
30842